Svenska städer - Bildquiz - Statistics

General Stats
  • This quiz has been taken 343 times
  • The average score is 5 of 12
Answer Stats
Picture Answer % Correct
Stockholm
90%
Göteborg
83%
Uppsala
54%
Lund
53%
Norrköping
53%
Visby
48%
Malmö
37%
Helsingborg
30%
Linköping
23%
Umeå
23%
Ystad
9%
Falun
3%
No matching quizzes found
Score Distribution
Percent of People with Each Score
Percentile by Number Answered
Your Score History
You have not taken this quiz